书目信息 |
| 题名: |
毛泽东选集一至四卷第二版讲座
|
|
| 作者: | 何静修 主编 | |
| 分册: | ||
| 出版信息: | 北京 中央文献出版社 1992.05 |
|
| 页数: | 320页 | |
| 开本: | 32开 | |
| 丛书名: | ||
| 单 册: | ||
| 中图分类: | A841.1 | |
| 科图分类: | ||
| 主题词: | 毛泽东著作--学习 , 毛泽东著作研究 | |
| 电子资源: | ||
| ISBN: | 7-5073-0103-6 | |
| 000 | 00629nam0 2200205 45 | |
| 001 | 0008031152 | |
| 005 | 20000803113552.2 | |
| 010 | @a7-5073-0103-6@d7.20元 | |
| 100 | @a20000803d1992 km y0chiy0120 ea | |
| 101 | 0 | @achi |
| 105 | @a z 000yy | |
| 200 | 1 | @a毛泽东选集一至四卷第二版讲座@AMao Ze Dong Xuan Ji Yi Zhi Si Juan Di Er Ban Jiang Zuo@f何静修 主编@FHe Jing Xiu Zhu Bian |
| 210 | @a北京@c中央文献出版社@d1992.05 | |
| 215 | @a320页@d32开 | |
| 606 | 0 | @a毛泽东著作@x学习 |
| 606 | 0 | @a毛泽东著作研究 |
| 690 | @aA841.1@v3 | |
| 701 | 0 | @a何静修@4主编 |
| 801 | @aCN@bPftUser@c20000803 | |
| 905 | @b87981-985@dA841.1@eH889@f5 | |
| 毛泽东选集一至四卷第二版讲座/何静修 主编.-北京:中央文献出版社,1992.05 |
| 320页;32开 |
| ISBN 7-5073-0103-6:7.20元 |
| ● |
| 相关链接 |
|
|
|
正题名:毛泽东选集一至四卷第二版讲座
索取号:A841.1/H889
 
预约/预借
| 序号 | 登录号 | 条形码 | 馆藏地/架位号 | 状态 | 备注 |
| 1 | 87981 | 200879816 | 社科库509/509社科库 4排4列5层/ [索取号:A841.1/H889] | 在馆 | |
| 2 | 87982 | 200879825 | 社科库509/509社科库 4排4列5层/ [索取号:A841.1/H889] | 在馆 | |
| 3 | 87983 | 200879834 | 社科库509/509社科库 4排4列5层/ [索取号:A841.1/H889] | 在馆 | |
| 4 | 87984 | 200879843 | 社科库509/509社科库 4排4列5层/ [索取号:A841.1/H889] | 在馆 | |
| 5 | 87985 | 200879852 | 社科库509/509社科库 4排4列5层/ [索取号:A841.1/H889] | 在馆 |